000 00315nam a2200133Ia 4500
008 190216s9999||||xx |||||||||||||| ||und||
100 _aRajiv Mathur
245 0 _aUnderstanding Lotus1-2-3
250 _a1st Ed.
260 _bGalgotia Publication Pvt Ltf
_c1993
300 _a732
650 _aComputer
942 _cBK
999 _c8417
_d8417